KOHA-Header-6

Win32 Client Server Delelopers Guide (Record no. 6689)

000 -LEADER
fixed length control field 00270nam a2200109Ia 4500
100 ## - MAIN ENTRY--AUTHOR NAME
Personal name Reilly,Douglas J.
245 #0 - TITLE STATEMENT
Title Win32 Client Server Delelopers Guide
260 ## - PUBLICATION, DISTRIBUTION, ETC. (IMPRINT)
Place of publication New York
Name of publisher CRC
Year of publication 1996
300 ## - PHYSICAL DESCRIPTION
Number of Pages 460
942 ## - ADDED ENTRY ELEMENTS (KOHA)
Koha item type Books
Holdings
Withdrawn status Lost status Collection code Permanent Location Current Location Shelving location Date acquired Full call number Accession Number Koha item type
    Computer Science MAJU MAJU   2019-09-11 005.2 92 Computer Science

Powered by Koha